[Event "IM Marmaris Karia VII 2019"]
[Site "Marmaris"]
[Date "2019.05.25"]
[Round "9.3"]
[White "Alaz, Ahmet Efekan"]
[Black "Mgeladze, Tamaz"]
[Result "1/2-1/2"]
[WhiteElo "2252"]
[BlackElo "2396"]
[Annotator "TA"]
[PlyCount "60"]
[EventDate "2019.05.25"]
[EventType "schev"]
[EventCountry "TUR"]
[SourceTitle "playchess.com"]
[Source "ChessBase"]
[SourceQuality "1"]

{[%evp 22,60,0,0,0,0,0,0,3,0,8,0,12,14,6,0,8,0,0,0,0,0,33,30,13,0,0,0,0,0,0,0,0,0,0,0,0,0,0,0,0]} 1. e4 c5 2. Nf3 d6 3. d4 cxd4 4. Nxd4 Nf6 5. Nc3 a6 6. Be2 e6 7. O-O Nc6 8. Be3 Be7 9. Qe1 O-O 10. f4 Qc7 11. Rd1 Nxd4 12. Bxd4 b5 {B85: Sicilian Scheveningen: 6 Be2 a6, lines with early Be3} 13. e5 dxe5 14. fxe5 Nd7 15. a4 (15. Ne4 Bb7 16. Nf6+ Nxf6 17. exf6 gxf6 18. Qh4 f5 19. Bf6 Bxf6 20. Qxf6 Rad8 21. Qg5+ Kh8 22. Qf6+ Kg8 23. Qg5+ Kh8 24. Qf6+ Kg8 25. Qg5+ {½-½ (25) Lobanov,S (2521)-Alekseev,E (2627) Yaroslavl 2018}) 15... b4 $146 ({Predecessor:} 15... bxa4 16. Ne4 Bb7 17. Nd6 Bxd6 18. exd6 Qxc2 19. Rf2 Bd5 20. Bb5 Qxd1 21. Qxd1 axb5 {½-½ (34) Mateka,P (2495)-Fenollar Jorda,M (2183) ICCF email 2010}) 16. Ne4 Bb7 ({Wrong is} 16... Qxc2 $2 {[#]} 17. Nf6+ $1 {[%mdl 512]} Nxf6 18. exf6 $18) 17. Nf6+ Nxf6 18. exf6 gxf6 19. Qh4 f5 $1 ({Not} 19... Qxc2 $2 20. Rxf6 Qe4 21. Qg3+ Kh8 22. Rf4+ f6 23. Rxe4 $18) 20. Bf6 $1 Bxf6 21. Qxf6 {[#] Hoping for Rd3.} Qb6+ 22. Kh1 Rad8 $1 23. c3 $40 {[%mdl 128] The position is equal. Black needs to defend precisely.} bxc3 24. bxc3 Rxd1 25. Rxd1 Be4 26. Qg5+ Kh8 27. Qf6+ Kg8 28. Qg5+ Kh8 29. Qf6+ Kg8 30. Qg5+ Kh8 1/2-1/2

[Event "IM Marmaris Karia VII 2019"]
[Site "Marmaris"]
[Date "2019.05.25"]
[Round "9.4"]
[White "Kilic, Efe Mert"]
[Black "Sibashvili, Giorgi"]
[Result "1/2-1/2"]
[WhiteElo "2248"]
[BlackElo "2381"]
[Annotator "TA"]
[PlyCount "117"]
[EventDate "2019.05.25"]
[EventType "schev"]
[EventCountry "TUR"]
[SourceTitle "playchess.com"]
[Source "ChessBase"]
[SourceQuality "1"]

{[%evp 18,117,38,16,11,11,25,12,29,11,12,5,24,16,21,24,3,-14,14,5,4,12,9,10,32,-8,0,0,0,13,16,7,28,8,5,5,5,11,22,1,25,12,36,26,29,26,58,54,58,65,67,55,57,64,62,39,37,0,0,0,53,0,0,0,29,0,0,0,0,0,0,0,0,0,0,0,0,0,0,0,0,0,0,0,0,0,73,73,74,80,83,75,251,8,8,0,371,0,8,0,577,414]} 1. e4 e5 2. Nf3 Nc6 3. Bc4 Bc5 4. c3 Nf6 5. d3 O-O 6. O-O d6 7. h3 a6 8. a4 Ba7 9. Re1 Ne7 10. Nbd2 Ng6 {C54: Giuoco Piano: 4 c3 Nf6, main lines with 5 d4 and 5 d3} 11. Nf1 c6 (11... Be6 12. Bxe6 fxe6 13. Ng3 h6 14. d4 Nd7 15. Be3 Qe7 16. a5 Kh7 17. Nd2 Rf7 18. Nc4 {½-½ (57) Caruana,F (2822)-Nakamura,H (2769) Stavanger 2018}) 12. Bb3 Nh5 {The position is equal.} 13. Bg5 Qc7 14. Be3 $146 ({Predecessor:} 14. Nxe5 Nxe5 15. d4 h6 16. Bxh6 gxh6 17. Qxh5 Kh7 18. Ne3 {1-0 (26) Morozov,N (2452)-Sibashvili,G (2425) Batumi 2018}) 14... Nhf4 15. Bxa7 Rxa7 16. d4 Qe7 17. Qd2 Qf6 18. N1h2 Nh4 19. Nxh4 Qxh4 20. Qe3 Ra8 21. Nf1 Qg5 {[%csl Gf4][%cal Rg5g2]} 22. Qg3 Qh5 23. Bd1 Qg6 24. Qxg6 (24. Bc2 {keeps more tension.} Qf6 25. Ne3 Rd8 26. Rad1 b5 27. a5) 24... hxg6 25. Bb3 exd4 26. cxd4 Be6 27. Bxe6 Nxe6 28. Red1 Rfd8 29. Ne3 c5 30. d5 Nd4 31. Nc4 Rac8 32. a5 $1 Rc7 33. f3 Re7 34. b4 Ne2+ $1 35. Kf1 $1 {[%cal Rf1e2]} Nc3 36. bxc5 $1 Nxd1 37. Rxd1 dxc5 $14 {[%mdl 4096] Endgame KRR-KRN} 38. d6 Re6 (38... Ree8 $1 $11) 39. e5 (39. Kf2 $14) 39... f6 $11 40. f4 g5 41. f5 (41. fxg5 {with more complications.} Kf7 42. Ke2 fxe5 43. Ke3 Kg6 44. Rb1) 41... Rxe5 $1 42. Nxe5 fxe5 {KR-KR} 43. Ke2 {Ke3 is the strong threat.} c4 $1 44. Ke3 {aiming for Ke4.} c3 $1 45. Ke4 c2 46. Rc1 Rxd6 {Hoping for ...Rd2.} 47. Rxc2 Rd4+ 48. Kxe5 {Threatening mate with Rc8+.} Ra4 49. Rc8+ Kh7 50. Rc5 Ra2 51. g4 Re2+ (51... Ra3 $11) 52. Kd6 $1 $16 Re3 53. Rc7 Rxh3 54. f6 {White wants to mate with f7.} Rd3+ $2 (54... Kg6 $16) 55. Ke6 $2 ({White must play} 55. Ke5 $18 Re3+ 56. Kd4 $1 {[%mdl 512]}) 55... Re3+ $11 56. Kd6 $2 {[%mdl 8192]} (56. Kd5 $11 Kg6 57. fxg7) 56... Rd3+ $18 57. Ke6 $2 (57. Ke5 $18 Re3+ {[#]} 58. Kd4 $1 {[%mdl 512]}) 57... Re3+ $11 58. Kd6 $2 {[%mdl 8192]} (58. Kd5 $11 Kg6 59. fxg7) 58... Rd3+ $18 59. Ke5 {[%mdl 32768] Accuracy: White = 53%, Black = 66%. . An unexpected result.} 1/2-1/2

[Event "IM Marmaris Karia VII 2019"]
[Site "Marmaris"]
[Date "2019.05.25"]
[Round "9.5"]
[White "Ozkan, Taha"]
[Black "Morozov, Nichita"]
[Result "0-1"]
[WhiteElo "1977"]
[BlackElo "2371"]
[Annotator "TA"]
[PlyCount "72"]
[EventDate "2019.05.25"]
[EventType "schev"]
[EventCountry "TUR"]
[SourceTitle "playchess.com"]
[Source "ChessBase"]
[SourceQuality "1"]

{[%evp 11,72,7,14,-3,9,8,12,-13,-15,-2,0,-9,10,3,0,0,0,0,18,0,0,-14,-9,-11,0,0,0,0,0,0,0,-14,-9,-525,-515,-638,-547,-1687,-1603,-1602,-1604,-2010,-1842,-2741,-2595,-29978,-29979,-29979,-29980,-29980,-29981,-29981,-29982,-29982,-29983,-29992,-29989,-29989,-29990,-29990,-29991,-29991,-29987]} 1. d4 Nf6 2. Nf3 b6 3. e3 Bb7 4. Bd3 c5 5. O-O e6 6. b3 Nc6 7. a3 {A47: 1 d4 Nf6 2 Nf3 b6: Torre, London and Colle Systems} d5 8. Bb2 Bd6 9. Ne5 {The position is equal.} Rc8 10. f4 O-O 11. Nd2 Na5 (11... Ne7 12. Qf3 b5 13. dxc5 Bxc5 14. Kh1 {½-½ (38) Gordievsky,D (2614)-Halkias,S (2552) Sitges 2018}) 12. Qe2 Qe7 13. dxc5 $146 ({Predecessor:} 13. c4 Rcd8 14. cxd5 exd5 15. Bb5 Rc8 16. Rfe1 cxd4 17. exd4 Rc2 18. Rab1 Ne4 19. Nef3 Nxb3 20. Bd3 Rxd2 21. Nxd2 Nbxd2 22. Rbd1 Nb3 23. Bc1 {0-1 (23) Dezelin,M (1985)-Zajic,M (2497) Kragujevac 2018}) 13... bxc5 14. c4 Ba8 15. Bc3 Nc6 16. Nxc6 Bxc6 17. Nf3 h6 18. Ne5 Ba8 19. Ng4 Nxg4 $1 20. Qxg4 {[%csl Gc3][%cal Rg4g7]} f5 21. Qg6 Rcd8 22. g4 $2 {[%mdl 8192] [#]} (22. Rae1 $11 {and White stays safe.}) 22... d4 $1 $19 {[%mdl 512] Strongly threatening ...Rf6.} 23. exd4 {With the idea d5.} cxd4 {[%cal Bc5d4,Bd4c3][%mdl 32]} 24. gxf5 Rf6 25. Qg3 dxc3 26. b4 exf5 27. Rae1 Qf7 28. Qh3 Rg6+ {Black mates.} 29. Kf2 Rg2+ 30. Qxg2 {[#]} Bc5+ $1 {[%mdl 576] Discovered Attack} 31. bxc5 Bxg2 32. Kxg2 Rxd3 33. c6 Qxc4 34. c7 Qxc7 35. Re8+ Kh7 36. Re2 Rd2 {Accuracy: White = 20%, Black = 63%.} 0-1

[Event "IM Marmaris Karia VII 2019"]
[Site "Marmaris"]
[Date "2019.05.25"]
[Round "10.2"]
[White "Mgeladze, Tamaz"]
[Black "Tanriverdi, Enes"]
[Result "1/2-1/2"]
[WhiteElo "2396"]
[BlackElo "2348"]
[Annotator "TA"]
[PlyCount "21"]
[EventDate "2019.05.25"]
[EventType "schev"]
[EventCountry "TUR"]
[SourceTitle "playchess.com"]
[Source "ChessBase"]
[SourceQuality "1"]

{[%evp 19,21,0,23,-362]} 1. d4 d5 2. c4 c6 3. cxd5 cxd5 4. Nc3 $146 ({Predecessor:} 4. Nf3 Nf6 {½-½ (10) Hammer,J (2631)-Vitiugov,N (2734) Helsingor 2018}) 4... Nf6 5. Nf3 Nc6 6. Bf4 Nh5 7. Bd2 Nf6 8. Bf4 Nh5 9. Bd2 Nf6 10. Bf4 Nh5 11. Ng1 $2 {[%mdl 40960] An unexpected result. D13: Slav Defence: Exchange variation without ...Bf5} (11. Bg5 $11) 1/2-1/2

[Event "IM Marmaris Karia VII 2019"]
[Site "Marmaris"]
[Date "2019.05.25"]
[Round "10.3"]
[White "Sibashvili, Giorgi"]
[Black "Alaz, Ahmet Efekan"]
[Result "1/2-1/2"]
[WhiteElo "2381"]
[BlackElo "2252"]
[Annotator "TA"]
[PlyCount "19"]
[EventDate "2019.05.25"]
[EventType "schev"]
[EventCountry "TUR"]
[SourceTitle "playchess.com"]
[Source "ChessBase"]
[SourceQuality "1"]

{[%evp 18,19,33,0]} 1. e4 c5 2. Nf3 d6 3. d4 cxd4 4. Nxd4 Nf6 5. Nc3 a6 6. Be3 Ng4 $146 ({Predecessor:} 6... e5 7. Nf3 Be7 8. Bc4 O-O 9. O-O Be6 10. Bb3 b5 11. Bg5 Nbd7 12. Re1 Rc8 13. a3 h6 14. Bxf6 Nxf6 15. Nd2 Bg4 16. f3 Qb6+ 17. Kh1 Be6 18. Nf1 {0-1 (44) Carlsen,M (2861)-Vachier Lagrave,M (2780) Abidjan 2019}) 7. Bc1 Nf6 8. Be3 Ng4 9. Bc1 Nf6 10. Be3 1/2-1/2

[Event "IM Marmaris Karia VII 2019"]
[Site "Marmaris"]
[Date "2019.05.25"]
[Round "10.4"]
[White "Morozov, Nichita"]
[Black "Kilic, Efe Mert"]
[Result "1/2-1/2"]
[WhiteElo "2371"]
[BlackElo "2248"]
[Annotator "TA"]
[PlyCount "19"]
[EventDate "2019.05.25"]
[EventType "schev"]
[EventCountry "TUR"]
[SourceTitle "playchess.com"]
[Source "ChessBase"]
[SourceQuality "1"]

{[%evp 18,19,34,0]} 1. d4 d5 2. c4 c6 3. cxd5 cxd5 4. Nf3 Nf6 5. Nc3 Nc6 6. Bf4 Nh5 $146 ({Predecessor:} 6... Bf5 7. e3 e6 8. Bd3 Bxd3 9. Qxd3 Bd6 10. Bxd6 Qxd6 11. O-O O-O {½-½ (11) Dreev,A (2670)-Mamedyarov,S (2817) St Petersburg 2018}) 7. Bd2 Nf6 8. Bf4 Nh5 9. Bd2 Nf6 10. Bf4 1/2-1/2

[Event "IM Marmaris Karia VII 2019"]
[Site "Marmaris"]
[Date "2019.05.25"]
[Round "10.5"]
[White "Papenin, Nikolai"]
[Black "Ozkan, Taha"]
[Result "1/2-1/2"]
[WhiteElo "2336"]
[BlackElo "1977"]
[Annotator "TA"]
[PlyCount "29"]
[EventDate "2019.05.25"]
[EventType "schev"]
[EventCountry "TUR"]
[SourceTitle "playchess.com"]
[Source "ChessBase"]
[SourceQuality "1"]

{[%evp 27,29,-12,37,0]} 1. e4 e6 2. d4 d5 3. Nc3 Bb4 4. e5 c5 5. a3 Bxc3+ 6. bxc3 Qc7 7. Qg4 f6 8. Nf3 c4 9. Qh5+ $146 ({Predecessor:} 9. Be2 Nc6 10. Qg3 Qf7 11. O-O Bd7 12. exf6 Nxf6 13. Ne5 Nxe5 14. dxe5 Ne4 15. Qe3 b6 16. a4 O-O {1-0 (41) Saric,I (2691)-Kovacevic,B (2475) Bjelovar 2019}) 9... Qf7 10. Qg4 Qc7 11. Qh5+ Qf7 12. Qg4 Qc7 13. Qh5+ Qf7 14. Qg4 Qc7 15. Qh5+ {C18: French: 3 Nc3 Bb4: Main line: 7 h4 and 7 Qg4} 1/2-1/2